| 000 | 00655nam a2200205 a 4500 | ||
|---|---|---|---|
| 005 | 20231128063633.0 | ||
| 008 | 991125s1977 mx 000 0 spa u | ||
| 035 | _aUPN01000042392 | ||
| 049 | _aCG | ||
| 050 | 4 |
_aF1219.3 A7 _bW4.58 |
|
| 100 | 1 |
_aWestheim, Paul, _d1886-1963 _932408 |
|
| 245 | 1 | 0 |
_aObras maestras del México antiguo / _cPaul Westheim ; tr. Mariana Frenk. |
| 260 |
_aMéxico : _bEra, _c1977. |
||
| 300 |
_a279 p. : _bil. (algunas col.) |
||
| 440 | 0 |
_aBiblioteca Era. _pSerie mayor |
|
| 650 | 2 |
_aArte precolombino _zMéxico _92615 |
|
| 650 | 4 |
_aIndígenas de México _xArte _94693 |
|
| 651 | 2 |
_aMéxico _xAntigüedades _94694 |
|
| 905 | _aLibro | ||
| 999 |
_c42392 _d42392 |
||